[Event "DAGIJ"]
[Site "SchemingMind.com"]
[Date "2018.08.13"]
[Round "-"]
[White "Nouveau L"]
[Black "Marc Wakeham"]
[Result "0-1"]
[WhiteCountry "FRA"]
[BlackCountry "WLS"]
[WhiteElo "1676"]
[WhiteRD "95"]
[BlackElo "1647"]
[BlackRD "77"]
[GameID "431361"]

1. e4 c5 2. Nf3 Nc6 3. d4 cxd4 4. Nxd4 d6 5. Nc3 a6 6. Be3 Nf6 7. f3 g6 8. Qd2 Bg7 9. O-O-O Nxd4 10. Bxd4 O-O
11. h4 Nh5 12. Bxg7 Kxg7 13. g4 Ng3 14. Rh2 Nxf1 15. Rxf1 b5 16. h5 Rh8 17. hxg6 hxg6 18. Rfh1 Rxh2 19. Qxh2 Qg8 20. Qh6+ Kf6
0-1

[Event "DAGIJ"]
[Site "SchemingMind.com"]
[Date "2018.08.12"]
[Round "-"]
[White "Carl Lenox"]
[Black "Nouveau L"]
[Result "1-0"]
[WhiteCountry "CAN"]
[BlackCountry "FRA"]
[WhiteElo "1378"]
[WhiteRD "81"]
[BlackElo "1748"]
[BlackRD "95"]
[GameID "431363"]

1. e4 e5 2. Nf3 Nc6 3. Bb5 Nf6 4. O-O Nxe4 5. a3 Be7 6. c3 d6 7. d4 O-O 8. Re1 f5 9. b4 exd4 10. cxd4 a5
11. bxa5
1-0

[Event "DAGIJ"]
[Site "SchemingMind.com"]
[Date "2018.08.12"]
[Round "-"]
[White "Phillip Beckett"]
[Black "Nouveau L"]
[Result "1-0"]
[WhiteCountry "ENG"]
[BlackCountry "FRA"]
[WhiteElo "1536"]
[WhiteRD "53"]
[BlackElo "1676"]
[BlackRD "95"]
[GameID "431364"]

1. d4 Nf6 2. c4 e6 3. Nc3 Bb4 4. a3 Bxc3+ 5. bxc3 c5 6. Bg5 Qa5 7. Bd2 Nc6 8. e3 O-O 9. Nf3 Qc7 10. Bd3 e5
11. dxe5 Nxe5 12. Be2 d6 13. O-O Be6 14. Nxe5
1-0

[Event "DAGIJ"]
[Site "SchemingMind.com"]
[Date "2018.08.12"]
[Round "-"]
[White "Nouveau L"]
[Black "Timaeus"]
[Result "1-0"]
[WhiteCountry "FRA"]
[BlackCountry "JPN"]
[WhiteElo "1975"]
[WhiteRD "103"]
[BlackElo "1432"]
[BlackRD "75"]
[GameID "431365"]

1. e4 e5 2. Nf3 Nc6 3. Bc4 Nf6 4. d3 Bc5 5. c3 O-O 6. O-O Na5 7. b4 Nxc4 8. bxc5 Na5 9. Nxe5 Re8 10. Nf3 d6
11. cxd6
1-0

[Event "DAGIJ"]
[Site "SchemingMind.com"]
[Date "2018.08.19"]
[Round "-"]
[White "Phillip Beckett"]
[Black "Chessibelle"]
[Result "1-0"]
[WhiteCountry "ENG"]
[BlackCountry "ENG"]
[WhiteElo "1455"]
[WhiteRD "56"]
[BlackElo "1263"]
[BlackRD "57"]
[GameID "431535"]

1. d4 d5 2. c4 Nf6 3. cxd5 Nxd5 4. Nc3 e6 5. e4 Nxc3 6. bxc3 Bd7 7. Nf3 h6 8. Bd3 Be7 9. O-O O-O 10. e5 b6
11. Qc2 g6 12. Bxg6 f6 13. exf6 Bxf6 14. Bh5 Bg7 15. Ne5 Bc8 16. Qg6 Rf6 17. Qe4 c6 18. Bd1 Nd7 19. Bc2 Bb7 20. Qh7+ Kf8
21. Nxd7+ Qxd7 22. Ba3+ Kf7 23. Qd3 Qc7 24. f4 h5 25. f5 e5 26. Bb3+ Ke8 27. dxe5 Rf7 28. Bxf7+ Qxf7 29. e6 Qf6 30. Qd7#
1-0

[Event "DAGIJ"]
[Site "SchemingMind.com"]
[Date "2018.08.19"]
[Round "-"]
[White "Chessibelle"]
[Black "Timaeus"]
[Result "0-1"]
[WhiteCountry "ENG"]
[BlackCountry "JPN"]
[WhiteElo "1255"]
[WhiteRD "63"]
[BlackElo "1406"]
[BlackRD "80"]
[GameID "431536"]

1. e4 d5 2. f3 b6 3. Nc3 d4 4. Nce2 e5 5. d3 Nc6 6. a3 Be6 7. h3 Bc5 8. g4 Nf6 9. c3 b5 10. b3 O-O
11. Bg2 a5 12. Bg5 dxc3 13. Nxc3 b4 14. Nb5 a4 15. Ne2 bxa3 16. Qd2 h6 17. Bh4 Bxb3 18. Nec3 Nd4 19. Bf2 Nc2+ 20. Ke2 Nxa1
21. Rxa1 Bxf2 22. Kxf2 c5 23. Nxa3 c4 24. Rb1 Re8 25. Qe2 cxd3 26. Qd2 Rb8 27. f4 exf4 28. Bf3 Qd6 29. Kg2 g5 30. Rb2 Qxa3
31. Nb1 Qd6 32. Bd1 Nxe4 33. Qa5 Bxd1 34. Kf1 Ng3+ 35. Kg2 Rxb2+
0-1

[Event "DAGIJ"]
[Site "SchemingMind.com"]
[Date "2018.08.24"]
[Round "-"]
[White "fu_manchu"]
[Black "Chessibelle"]
[Result "1-0"]
[WhiteCountry "CAN"]
[BlackCountry "ENG"]
[WhiteElo "1806"]
[WhiteRD "77"]
[BlackElo "1216"]
[BlackRD "57"]
[GameID "431537"]

1. e4 e5 2. Nf3 Nc6 3. Bb5 Nge7 4. O-O g6 5. d4 d6 6. dxe5 Bg7 7. exd6 cxd6 8. e5 O-O 9. exd6 Nf5 10. Bxc6 bxc6
11. Nc3 Nxd6 12. Qd3 Bf5 13. Qd1 a5 14. Nd4 Bd7 15. Re1 h5 16. Nf3 f5 17. Qxd6 Qc8 18. Qxg6 Rf6 19. Qxh5 Be8 20. Qh4 Qc7
21. Ng5 Rh6 22. Qc4+ Kh8 23. Bf4 Qb6 24. Rxe8+ Rxe8 25. Nf7+ Kh7 26. Nxh6 Qxb2 27. Rd1 Qxc2 28. Qd3 Qb2 29. Qxf5+ Kh8 30. h3 Qxc3
31. Nf7+ Kg8 32. Rd7 Re1+ 33. Kh2 Re2 34. Rd8+ Bf8 35. Qg6+ Qg7 36. Nh6+ Kh8 37. Rxf8+ Qxf8 38. Nf7+
1-0

[Event "DAGIJ"]
[Site "SchemingMind.com"]
[Date "2018.08.20"]
[Round "-"]
[White "Marc Wakeham"]
[Black "Chessibelle"]
[Result "1-0"]
[WhiteCountry "WLS"]
[BlackCountry "ENG"]
[WhiteElo "1673"]
[WhiteRD "85"]
[BlackElo "1263"]
[BlackRD "57"]
[GameID "431538"]

1. e4 e5 2. Nf3 Nc6 3. d4 d6 4. dxe5 Be7 5. exd6 cxd6 6. Bd3 Nf6 7. O-O O-O 8. Bg5 a6 9. Nc3 b5 10. Bxf6 Bxf6
11. Qd2 g6 12. Rad1 Bg7 13. Rfe1 Be6 14. b3 Nb4 15. a3 Nc6 16. Nd5 f5 17. c3 Ne5 18. Nxe5 Bxe5 19. Nf4 Rf6 20. Nxe6 Qe7
21. Ng5 Kf8 22. Nf3 Kf7 23. Nxe5+ Qxe5 24. exf5 Rh8 25. Rxe5 dxe5 26. fxg6+ Kg8 27. gxh7+ Rxh7 28. Bxh7+
1-0

[Event "DAGIJ"]
[Site "SchemingMind.com"]
[Date "2018.08.21"]
[Round "-"]
[White "smothered mate"]
[Black "Chessibelle"]
[Result "1-0"]
[WhiteCountry "POL"]
[BlackCountry "ENG"]
[WhiteElo "2043"]
[WhiteRD "83"]
[BlackElo "1216"]
[BlackRD "57"]
[GameID "431539"]

1. e4 e5 2. Nf3 Nc6 3. Bb5 Nge7 4. O-O g6 5. d4 d6 6. dxe5 Bd7 7. exd6 Nc8 8. Bg5 f6 9. dxc7 Qxc7 10. Bxf6 Rg8
11. Qd5 Qf4 12. Qxg8 Qxf6 13. Nc3 N8e7 14. Nd5 Qxb2 15. Ng5 Qg7 16. Nc7+ Kd8 17. Nce6+ Bxe6 18. Nxe6+ Kd7 19. Nxg7 Nxg8 20. Rad1+ Ke7
21. Nf5+ Kf6 22. Ne3 Ne5 23. f4 Nf7 24. Rd7 Ngh6 25. g4 Bc5 26. g5+ Kg7 27. gxh6+ Kf8 28. Rf3 a6 29. Bc4 Re8 30. Rxf7+ Kg8
31. Rc7+ Kf8 32. Rxc5 Rxe4 33. Rc7 Rd4 34. Ng4 Rd1+ 35. Kg2 Rd2+ 36. Kg3 Rxc2 37. Rd3 Re2 38. Rd8+
1-0

[Event "DAGIJ"]
[Site "SchemingMind.com"]
[Date "2018.08.23"]
[Round "-"]
[White "Chessibelle"]
[Black "Carl Lenox"]
[Result "0-1"]
[WhiteCountry "ENG"]
[BlackCountry "CAN"]
[WhiteElo "1205"]
[WhiteRD "61"]
[BlackElo "1378"]
[BlackRD "81"]
[GameID "431540"]

1. e4 c5 2. d3 Nc6 3. Nc3 e6 4. Nf3 a6 5. Be2 Nf6 6. O-O g6 7. g3 b5 8. a3 Bg7 9. Bg5 O-O 10. Qc1 Bb7
11. Nd1 a5 12. c3 b4 13. Qf4 d6 14. d4 Nh5 15. Qe3 Qd7 16. h3 Rfe8 17. Qd3 Rad8 18. Ne3 f6 19. Bf4 Qe7 20. Ng4 d5
21. Ngh2 Nxf4 22. Qd2 Nxh3+ 23. Kg2 dxe4 24. Ne1 Ng5 25. f3 f5 26. f4 Nf7 27. Nc2 b3 28. Ne3 a4 29. Bb5 Nd6 30. Bxa4 c4
31. Qe2 Rf8 32. d5 exd5 33. Nxd5 Qf7 34. Rh1 Na5 35. Nf1 Bxd5 36. g4 e3+ 37. Kg1 Qe7 38. Nxe3 Bxh1 39. Kxh1 Ne4 40. Rg1 Qh4+
41. Qh2 Qe7 42. Bb5 Rd2 43. Rg2 Rd3 44. Nf1 Qb7 45. Ba4 Nf2+ 46. Kg1 Ne4 47. Qh4 Qb6+ 48. Kh1 Rd1 49. Rg1 Rfd8 50. Qe7 Nc6
51. Qe6+ Kf8 52. Bxc6 R1d6 53. Qxc4 Rxc6 54. Qe2 Nd6 55. Nd2 Re8 56. Qd1 Qe3 57. Nf3 Ne4 58. Kh2 Qxf4+ 59. Kh3 Nf2+
0-1

[Event "DAGIJ"]
[Site "SchemingMind.com"]
[Date "2018.08.20"]
[Round "-"]
[White "Chessibelle"]
[Black "flyinduck"]
[Result "0-1"]
[WhiteCountry "ENG"]
[BlackCountry "CAN"]
[WhiteElo "1216"]
[WhiteRD "57"]
[BlackElo "2024"]
[BlackRD "53"]
[GameID "431541"]

1. e4 d6 2. Be2 Nf6 3. Nc3 e5 4. Nf3 Be7 5. O-O O-O 6. d3 h6 7. d4 exd4 8. Nxd4 Re8 9. a3 Bf8 10. g3 Nxe4
11. Qd3 Nxc3 12. Qxc3 c5 13. Nf3 Rxe2 14. b3 Bf5 15. Bb2 Rxc2 16. Qc4 Rxc4 17. bxc4 Nc6 18. Nh4 Bd3 19. Rfe1 Bxc4 20. Nf5 g6
21. Re4 Bd3 22. Re3 Bxf5 23. h4 d5 24. Rd1 d4 25. Rb3 Bc2 26. Rdd3 Bxd3 27. Rxd3 c4 28. Rd1 c3 29. Ba1 Bxa3 30. f4 Qb6
31. Re1 Bb2 32. g4 Bxa1 33. Rxa1 d3+ 34. Kf1 Qe3 35. Kg2 Qxf4
0-1

[Event "DAGIJ"]
[Site "SchemingMind.com"]
[Date "2018.08.20"]
[Round "-"]
[White "JAHI"]
[Black "Chessibelle"]
[Result "1-0"]
[WhiteCountry "INT"]
[BlackCountry "ENG"]
[WhiteElo "2115"]
[WhiteRD "73"]
[BlackElo "1263"]
[BlackRD "57"]
[GameID "431542"]

1. c3 d5 2. c4 Be6 3. cxd5 Bxd5 4. d3 Nf6 5. Nf3 e6 6. Nc3 Bb4 7. Qa4+ Nc6 8. a3 Bc5 9. Nxd5 Qxd5 10. e3 O-O
11. Be2 a5 12. Bd2 b6 13. Bc3 Ne7 14. Bxf6 gxf6 15. d4 Bd6 16. Rc1 Nf5 17. Qc2 c5 18. e4 Qc6 19. exf5 e5 20. dxe5 fxe5
21. f6 Rfe8 22. Qf5 Kh8 23. Ng5 Kg8 24. Qxh7+ Kf8 25. Qxf7#
1-0

[Event "DAGIJ"]
[Site "SchemingMind.com"]
[Date "2018.08.21"]
[Round "-"]
[White "pmdpsp"]
[Black "Phillip Beckett"]
[Result "1-0"]
[WhiteCountry "GER"]
[BlackCountry "ENG"]
[WhiteElo "1795"]
[WhiteRD "78"]
[BlackElo "1455"]
[BlackRD "56"]
[GameID "431615"]

1. c4 e5 2. Nc3 Nf6 3. Nf3 Nc6 4. d4 exd4 5. Nxd4 Nxd4 6. Qxd4 Be7 7. Bf4 d6 8. e4 O-O 9. O-O-O Bg4 10. f3 Be6
11. Qd2 a5 12. Qc2 a4 13. a3 c6 14. g4 b5 15. cxb5 Bb3 16. Qd3 Bxd1 17. Qxd1 cxb5 18. Bxb5 Qb6 19. Bxa4 Rfc8 20. Re1 Rab8
21. Re2 g6 22. Be3 Qa5 23. Bd4 Nd7 24. Bxd7 Rc7 25. Qa4 Qxa4 26. Bxa4 Ra8 27. Bb3 Rb8 28. Bd5 Bf8 29. e5 Rbc8 30. e6 Bg7
31. exf7+ Kh8 32. Re8+
1-0

[Event "DAGIJ"]
[Site "SchemingMind.com"]
[Date "2018.08.21"]
[Round "-"]
[White "pmdpsp"]
[Black "Marc Wakeham"]
[Result "1-0"]
[WhiteCountry "GER"]
[BlackCountry "WLS"]
[WhiteElo "1808"]
[WhiteRD "77"]
[BlackElo "1633"]
[BlackRD "80"]
[GameID "431616"]

1. d4 Nf6 2. Bg5 e6 3. e4 Be7 4. Nc3 O-O 5. Bd3 c5 6. dxc5 Nc6 7. Be3 Ne5 8. b4 d6 9. Nf3 Nxd3+ 10. cxd3 dxc5
11. bxc5 Qa5 12. Qb3 Rb8 13. O-O Bd7 14. d4 b6 15. Qc4 b5 16. Qb3 b4 17. Ne2 Qa4 18. e5 Qxb3 19. axb3 Nd5 20. Bd2 Ra8
21. Nf4 Nxf4 22. Bxf4 a5 23. Nd2 Bb5 24. Rfc1 a4 25. bxa4 Bxa4 26. Rab1 Rfb8 27. Nc4 Bc6 28. Nb6 Ra7 29. Rxb4 Rab7 30. Rcb1 Be4
31. R1b2 Kf8 32. Nd7+
1-0

[Event "DAGIJ"]
[Site "SchemingMind.com"]
[Date "2018.08.22"]
[Round "-"]
[White "pmdpsp"]
[Black "smothered mate"]
[Result "0-1"]
[WhiteCountry "GER"]
[BlackCountry "POL"]
[WhiteElo "1789"]
[WhiteRD "78"]
[BlackElo "2086"]
[BlackRD "86"]
[GameID "431617"]

1. e4 e6 2. d4 d5 3. Nc3 Bb4 4. exd5 exd5 5. Qd3 Nf6 6. Bd2 O-O 7. O-O-O c6 8. h4 Qa5 9. a3 Na6 10. Na2 Bxd2+
11. Rxd2 Ne4 12. Re2 Nxf2 13. Rxf2 Qe1+ 14. Qd1 Qxf2 15. Nc3 Re8 16. Nge2 Bg4 17. Qd2 Re7 18. Nd1 Qf6 19. Nec3 Nc7 20. Nf2 Bd7
21. g4 Rae8 22. Bd3 Ne6 23. Bf5 Nxd4 24. Bxd7 Rxd7 25. g5 Ne2+ 26. Nxe2 Qxf2 27. Re1 Rde7 28. Kd1 Qxh4 29. b3 Re3 30. a4 Qxg5
31. Rg1 Qh5 32. Re1 Qe5 33. a5 Qa1+ 34. Nc1 Rxe1+
0-1

[Event "DAGIJ"]
[Site "SchemingMind.com"]
[Date "2018.08.26"]
[Round "-"]
[White "Carl Lenox"]
[Black "pmdpsp"]
[Result "0-1"]
[WhiteCountry "CAN"]
[BlackCountry "GER"]
[WhiteElo "1378"]
[WhiteRD "81"]
[BlackElo "1824"]
[BlackRD "79"]
[GameID "431618"]

1. e4 e5 2. Nf3 Nc6 3. Bb5 d6 4. d4 exd4 5. Nxd4 Bd7 6. Nc3 Nge7 7. O-O h6 8. Re1 Nxd4 9. Qxd4 Bxb5 10. Nxb5 Nc6
11. Qd2 a6 12. Nd4 Qd7 13. a3 O-O-O 14. b4 Na7 15. c4 g5 16. Bb2 Rg8 17. Rad1 Bg7 18. Nf5 Bxb2 19. Qxb2 Qe6 20. c5 dxc5
21. Rxd8+ Rxd8 22. bxc5 Qxe4 23. Ne3 f5 24. Qc1 Qf4 25. Qc3 Nb5 26. Qc1 h5 27. g3 Qf3 28. Qa1 h4 29. Nxf5 h3 30. Ne3 Kb8
31. a4 Rd2 32. Rf1 Nd4
0-1

[Event "DAGIJ"]
[Site "SchemingMind.com"]
[Date "2018.08.21"]
[Round "-"]
[White "pmdpsp"]
[Black "Timaeus"]
[Result "1-0"]
[WhiteCountry "GER"]
[BlackCountry "JPN"]
[WhiteElo "1789"]
[WhiteRD "78"]
[BlackElo "1406"]
[BlackRD "80"]
[GameID "431619"]

1. c4 c5 2. Nc3 e5 3. e4 Nc6 4. Nf3 d6 5. Bd3 Bg4 6. Bc2 Nd4 7. h3 Bxf3 8. gxf3 Nxc2+ 9. Qxc2 g6 10. d3 Nf6
11. Bg5 Be7 12. Bh6 Ng8 13. Bg7 Bf6 14. Bxh8 Bxh8 15. O-O-O Qd7 16. Nd5 Ne7 17. Nc3 a6 18. Na4 b5 19. Nb6 Qb7 20. Nxa8 Qxa8
21. cxb5 axb5 22. a3 Nc6 23. Qc3 Nd4 24. Kd2 Nxf3+ 25. Ke3 Nd4 26. b4 cxb4 27. axb4 f5 28. Ra1 Nc2+ 29. Qxc2 f4+ 30. Kf3 d5
31. Rxa8+
1-0

[Event "DAGIJ"]
[Site "SchemingMind.com"]
[Date "2018.08.26"]
[Round "-"]
[White "fu_manchu"]
[Black "pmdpsp"]
[Result "1-0"]
[WhiteCountry "CAN"]
[BlackCountry "GER"]
[WhiteElo "1806"]
[WhiteRD "77"]
[BlackElo "1808"]
[BlackRD "77"]
[GameID "431620"]

1. d4 g6 2. c4 Bg7 3. Nc3 c5 4. d5 Bxc3+ 5. bxc3 f5 6. Nf3 d6 7. e3 Nf6 8. Bd3 Nbd7 9. O-O O-O 10. Qc2 Kg7
11. e4 Nxe4 12. Bxe4 fxe4 13. Qxe4 Nf6 14. Qe3 Bd7 15. Qh6+ Kh8 16. Ng5 Rf7 17. Nxf7+
1-0

[Event "DAGIJ"]
[Site "SchemingMind.com"]
[Date "2018.08.22"]
[Round "-"]
[White "Chessibelle"]
[Black "pmdpsp"]
[Result "0-1"]
[WhiteCountry "ENG"]
[BlackCountry "GER"]
[WhiteElo "1263"]
[WhiteRD "57"]
[BlackElo "1795"]
[BlackRD "78"]
[GameID "431621"]

1. e4 e5 2. Nf3 Nc6 3. Nc3 Nf6 4. d3 Bb4 5. Bd2 O-O 6. Be2 d5 7. a3 Ba5 8. b4 Bb6 9. O-O a5 10. g3 h5
11. Nb5 d4 12. c3 dxc3 13. Bxc3 Nd4 14. Nbxd4 exd4 15. Bd2 Bg4 16. Nh4 Bxe2 17. Qxe2 Re8 18. Bg5 Qd6 19. Nf5 Qe6 20. Rac1 g6
21. Nh6+ Kh7 22. Bf4 Nd5 23. Kg2 Nxf4+ 24. gxf4 Kxh6 25. Qf3 c6 26. h3 axb4 27. axb4 Bc7 28. Qe2 Bxf4 29. f3 Ra2 30. Rc2 Rxc2
31. Qxc2 Ra8 32. Rh1 Ra2
0-1

[Event "DAGIJ"]
[Site "SchemingMind.com"]
[Date "2018.08.25"]
[Round "-"]
[White "flyinduck"]
[Black "pmdpsp"]
[Result "1-0"]
[WhiteCountry "CAN"]
[BlackCountry "GER"]
[WhiteElo "2023"]
[WhiteRD "52"]
[BlackElo "1824"]
[BlackRD "79"]
[GameID "431622"]

1. e4 e5 2. f4 exf4 3. Nf3 g5 4. Nc3 Bg7 5. g3 g4 6. Nh4 f3 7. d4 Nc6 8. Be3 d6 9. Qd2 Bd7 10. O-O-O Qe7
11. Bb5 O-O-O 12. d5 Ne5 13. Bxd7+ Qxd7 14. Nf5 Nc4 15. Qd3 Nxe3 16. Qxe3 Bf6 17. Qxa7 Qe8 18. Qa8+ Kd7 19. Qxb7 Rb8 20. Qc6+ Kd8
21. Qxe8+ Kxe8 22. Rd3 Ne7 23. Ne3 h5 24. h3 Kd7 25. hxg4 Bg5 26. gxh5 f5 27. Kb1 Rbf8 28. Nxf5 Nxf5 29. exf5 Rxf5 30. Ne4 Re8
31. g4 Rfe5 32. Nxg5 Re1+ 33. Rd1 f2 34. Ne6 c6 35. Rdxe1 fxe1=Q+ 36. Rxe1 cxd5 37. Nc5+ dxc5 38. Rxe8 Kxe8 39. g5 Kf7 40. a4
1-0

[Event "DAGIJ"]
[Site "SchemingMind.com"]
[Date "2018.08.22"]
[Round "-"]
[White "pmdpsp"]
[Black "JAHI"]
[Result "0-1"]
[WhiteCountry "GER"]
[BlackCountry "INT"]
[WhiteElo "1784"]
[WhiteRD "83"]
[BlackElo "2122"]
[BlackRD "74"]
[GameID "431623"]

1. e4 c6 2. d4 d6 3. Nc3 d5 4. h3 dxe4 5. Nxe4 Nf6 6. Nxf6+ exf6 7. Nf3 Bd6 8. Be3 Nd7 9. c4 f5 10. d5 f4
11. Bd4 Bb4+ 12. Bc3 Bxc3+ 13. bxc3 Qe7+ 14. Be2 Qd6 15. Qd4 cxd5 16. cxd5 Nf6 17. c4 Bf5 18. O-O b6 19. Ne5 Be4 20. f3 Bg6
21. Qxf4 Qc5+ 22. Kh2 Nh5 23. Qg4 Nf6 24. Qg3 Nh5 25. Qf2 Qxf2 26. Rxf2 f6 27. Nc6 Nf4 28. Re1 Kd7 29. g3 Nxe2 30. Rfxe2 Rhe8
31. Re7+ Rxe7 32. Rxe7+ Kd6 33. Rxg7 Bd3 34. Rg4 Kc5 35. a3 Bxc4 36. Ne7 b5 37. Rg7 Rd8 38. Rxh7 Rd7 39. d6 a6 40. h4 a5
41. Rg7 b4 42. axb4+ axb4 43. Nf5 Rxg7 44. Nxg7 Kxd6 45. Nf5+ Kc5 46. Ne3 b3 47. Nd1 Be2 48. Nb2 Bxf3 49. Kg1 Kd4 50. Kf2 Bh5
51. Na4 Be8 52. Nb2 Kc3 53. Nd1+ Kd2 54. Nb2 Kc2 55. Nc4 Kc3 56. Na3 Bg6 57. g4 Kb4 58. h5 Bh7 59. Nb1 Bxb1
0-1

[Event "DAGIJ"]
[Site "SchemingMind.com"]
[Date "2018.08.23"]
[Round "-"]
[White "Marc Wakeham"]
[Black "errantknight"]
[Result "1-0"]
[WhiteCountry "WLS"]
[BlackCountry "USA"]
[WhiteElo "1647"]
[WhiteRD "77"]
[BlackElo "1604"]
[BlackRD "84"]
[GameID "431708"]

1. e4 c5 2. c3 Nc6 3. Nf3 a6 4. Be2 d6 5. O-O h6 6. d4 cxd4 7. cxd4 e6 8. Nc3 Nf6 9. Re1 Be7 10. h3 Bd7
11. d5 exd5 12. exd5 Na7 13. Nd4 O-O 14. Bd3 Re8 15. Re2 Nc8 16. Bf5 Nb6 17. Bxd7 Qxd7 18. b3 Qc7 19. Nf5 Bf8 20. Bd2 Qd7
21. Nh4 Rxe2 22. Qxe2 Nbxd5 23. Nxd5 Nxd5 24. Rc1 Nf6 25. Qc4 d5 26. Qc7 Qxc7 27. Rxc7 b5 28. Bc3 Bd6 29. Rc6 Be7 30. Nf5 Bd8
31. Nd4 Ne4 32. Bb2 Bf6 33. Rc2 Re8 34. Nf3 Bxb2 35. Rxb2 Rc8 36. Nd4 Rc1+ 37. Kh2 Rf1 38. f3 Nf2 39. a4 Nd3 40. Rd2 Nb4
41. axb5 axb5 42. Nxb5 Rb1 43. Nd4 f6 44. Kg3 Kf7 45. h4 Ke7 46. Kf4 g6 47. g3 Re1 48. Re2+ Rxe2 49. Nxe2 Kd6 50. g4 Nd3+
51. Ke3 Nb4 52. f4 Kc5 53. g5 fxg5 54. fxg5 hxg5 55. hxg5 Nc6 56. Nf4 Ne7 57. Kd3 d4 58. Ne6+ Kb4 59. Nxd4 Nd5 60. Ke4 Kc5
61. Ne6+ Kd6 62. Nf4 Ne7 63. b4 Kc6 64. Ke5 Kb5 65. Kf6
1-0

[Event "DAGIJ"]
[Site "SchemingMind.com"]
[Date "2018.08.24"]
[Round "-"]
[White "smothered mate"]
[Black "errantknight"]
[Result "1-0"]
[WhiteCountry "POL"]
[BlackCountry "USA"]
[WhiteElo "2050"]
[WhiteRD "87"]
[BlackElo "1608"]
[BlackRD "99"]
[GameID "431709"]

1. d4 e6 2. e4 c5 3. c3 cxd4 4. cxd4 Nc6 5. d5 exd5 6. exd5 Nb8 7. Nc3 Be7 8. d6 Bf6 9. Qe2+ Kf8 10. Qc4 Nh6
11. Bd3 Nc6 12. Nf3 Na5 13. Qd5 Nc6 14. a3 b6 15. O-O Bb7 16. Qh5 Na5 17. Bxh6 gxh6 18. Ne4 Bxe4 19. Bxe4 Rb8 20. Bd5
1-0

[Event "DAGIJ"]
[Site "SchemingMind.com"]
[Date "2018.08.26"]
[Round "-"]
[White "errantknight"]
[Black "Carl Lenox"]
[Result "1-0"]
[WhiteCountry "USA"]
[BlackCountry "CAN"]
[WhiteElo "1608"]
[WhiteRD "99"]
[BlackElo "1378"]
[BlackRD "81"]
[GameID "431710"]

1. e4 c5 2. Nf3 g6 3. Bc4 a6 4. a3 d6 5. h3 b5 6. Ba2 c4 7. d3 d5 8. exd5 Qxd5 9. Nc3 Qc6 10. Be3 Nf6
11. O-O Bg7 12. dxc4 bxc4 13. Bd2 Ne4 14. Rb1 O-O 15. Nxe4 Bf5 16. Ng3 Be4 17. Nxe4 Qxe4 18. Re1 Qb7 19. Bxc4 Bxb2 20. Bc3 Qc7
21. Bd5 Ra7 22. Bxb2 Re8 23. Qd4 e6 24. Qg7#
1-0

[Event "DAGIJ"]
[Site "SchemingMind.com"]
[Date "2018.08.23"]
[Round "-"]
[White "errantknight"]
[Black "Phillip Beckett"]
[Result "1-0"]
[WhiteCountry "USA"]
[BlackCountry "ENG"]
[WhiteElo "1635"]
[WhiteRD "133"]
[BlackElo "1482"]
[BlackRD "55"]
[GameID "431711"]

1. e4 e5 2. Nf3 Nc6 3. Bc4 Nf6 4. d3 Be7 5. h3 d6 6. Nc3 h6 7. a3 Nh7 8. Be3 Ng5 9. Nxg5 Bxg5 10. Nd5 Bxe3
11. Nxe3 O-O 12. c3 Be6 13. Nd5 Qd7 14. Qh5 Bxd5 15. Bxd5 Nd8 16. Qf3 c6 17. Bb3 Ne6 18. Qg3 Nf4 19. Qf3 Kh7 20. Bc2 f5
21. g3 Ng6 22. exf5 Qxf5 23. Qxf5 Rxf5 24. d4 Rf6 25. dxe5 dxe5 26. h4 h5 27. O-O-O Rxf2 28. Rhg1 Raf8 29. Rde1 Kh6 30. Bxg6 Kxg6
31. Rxe5 Rd2 32. Kxd2
1-0

[Event "DAGIJ"]
[Site "SchemingMind.com"]
[Date "2018.08.24"]
[Round "-"]
[White "Timaeus"]
[Black "errantknight"]
[Result "0-1"]
[WhiteCountry "JPN"]
[BlackCountry "USA"]
[WhiteElo "1406"]
[WhiteRD "80"]
[BlackElo "1604"]
[BlackRD "84"]
[GameID "431712"]

1. d4 e6 2. Bf4 c5 3. c3 cxd4 4. cxd4 Be7 5. e3 a6 6. Bd3 h6 7. Nf3 Nf6 8. O-O Nc6 9. Nc3 d6 10. Qc2 Bd7
11. a3 Nh5 12. b4 Nxf4 13. exf4 Rc8 14. Rfe1 b5 15. d5 exd5 16. Nxd5 O-O 17. Re2 Bf6 18. Bh7+ Kh8 19. Be4 Bxa1 20. h3 Nd4
21. Nxd4 Rxc2 22. Nxc2 Bf6 23. Nxf6 Qxf6 24. Ne1 Qxf4 25. f3 Qg3 26. Re3 Bxh3 27. Kf1 Be6 28. Rd3 Bc4
0-1

[Event "DAGIJ"]
[Site "SchemingMind.com"]
[Date "2018.08.23"]
[Round "-"]
[White "pmdpsp"]
[Black "errantknight"]
[Result "1-0"]
[WhiteCountry "GER"]
[BlackCountry "USA"]
[WhiteElo "1808"]
[WhiteRD "77"]
[BlackElo "1635"]
[BlackRD "133"]
[GameID "431713"]

1. c4 c5 2. Nf3 Nc6 3. Nc3 d6 4. e3 Nf6 5. d4 cxd4 6. Nxd4 a6 7. b3 e6 8. Bd3 Nxd4 9. exd4 h6 10. O-O Be7
11. Bb2 O-O 12. Bc2 Bd7 13. Qd3 Bc6 14. d5 exd5 15. Nxd5 Bxd5 16. Bxf6 g6 17. Bxe7 Qxe7 18. Qxd5 Kh7 19. f4 f5 20. Rfe1 Qf7
21. Re6 Rfd8 22. Rae1 Re8 23. Qxd6 Rxe6 24. Rxe6 Kh8 25. Re7 Qf8 26. Qe5+ Kg8 27. b4 Rd8 28. Bb3
1-0

[Event "DAGIJ"]
[Site "SchemingMind.com"]
[Date "2018.08.26"]
[Round "-"]
[White "errantknight"]
[Black "fu_manchu"]
[Result "0-1"]
[WhiteCountry "USA"]
[BlackCountry "CAN"]
[WhiteElo "1604"]
[WhiteRD "84"]
[BlackElo "1807"]
[BlackRD "80"]
[GameID "431714"]

1. e4 c5 2. Nf3 d6 3. Bc4 Nf6 4. Nc3 Bg4 5. h3 Bxf3 6. Qxf3 Nc6 7. d3 g6 8. Nd5 Nxd5 9. Bxd5 e6 10. Bb3 Nd4
11. Qd1 Nxb3 12. axb3 Bg7 13. c3 O-O 14. O-O a6 15. Be3 Qc7 16. Bf4 Rad8 17. Rb1 Be5 18. Bxe5 dxe5 19. Rc1 b5 20. Qf3 c4
21. bxc4 bxc4 22. dxc4 Qxc4 23. Rfe1 Qb5 24. Rb1 Rd3 25. Qe2 Rfd8 26. Red1 Rxd1+ 27. Rxd1 Qxe2
0-1

[Event "DAGIJ"]
[Site "SchemingMind.com"]
[Date "2018.08.25"]
[Round "-"]
[White "errantknight"]
[Black "flyinduck"]
[Result "0-1"]
[WhiteCountry "USA"]
[BlackCountry "CAN"]
[WhiteElo "1608"]
[WhiteRD "99"]
[BlackElo "2023"]
[BlackRD "52"]
[GameID "431716"]

1. e4 d6 2. Nf3 e5 3. h3 Be7 4. Bc4 Nf6 5. Nc3 O-O 6. d3 c6 7. a3 Be6 8. Bxe6 fxe6 9. Be3 h6 10. O-O Qe8
11. Re1 Nbd7 12. Bd2 Nh5 13. Ne2 Qg6 14. Rf1 Rxf3 15. Ng3 Rxg3 16. fxg3 Nxg3 17. Rf2 d5 18. Qg4 Kh7 19. Qxg6+ Kxg6 20. Kh2 Bh4
21. Raf1 Nxf1+ 22. Rxf1 Rf8
0-1

[Event "DAGIJ"]
[Site "SchemingMind.com"]
[Date "2018.08.23"]
[Round "-"]
[White "JAHI"]
[Black "errantknight"]
[Result "1-0"]
[WhiteCountry "INT"]
[BlackCountry "USA"]
[WhiteElo "2117"]
[WhiteRD "86"]
[BlackElo "1608"]
[BlackRD "99"]
[GameID "431718"]

1. c3 c5 2. d3 Nc6 3. d4 cxd4 4. cxd4 d6 5. d5 Ne5 6. Nc3 Bd7 7. Qb3 b6 8. Nf3 Nxf3+ 9. exf3 h6 10. Be3 Nf6
11. Bd4 e5 12. dxe6 Bxe6 13. Bxf6 Qxf6 14. Bc4 Bd7 15. Kf1 Be7 16. Nd5 Qg6 17. Nc7+ Kd8 18. Nxa8 Bc6 19. Bd5 Bxd5 20. Qxd5 Qe6
21. Qb7 Qc8 22. Qxa7 Bf6 23. Nxb6
1-0

[Event "DAGIJ"]
[Site "SchemingMind.com"]
[Date "2018.08.28"]
[Round "-"]
[White "errantknight"]
[Black "The Stonewall"]
[Result "0-1"]
[WhiteCountry "USA"]
[BlackCountry "ENG"]
[WhiteElo "1635"]
[WhiteRD "133"]
[BlackElo "2303"]
[BlackRD "78"]
[GameID "431739"]

1. e4 c5 2. Nf3 Nc6 3. Bc4 e6 4. a3 a6 5. d3 b5 6. Bb3 Qc7 7. Nc3 Bb7 8. h3 Bd6 9. Be3 Nge7 10. Qd2 f5
11. exf5 Nxf5 12. Qe2 Nxe3 13. Qxe3 Nd4 14. Nd5 Bxd5 15. Qd2 Bxf3
0-1